| Tag |
First Indicator |
Second Indicator |
Subfields |
| LEADER |
00000cam a2200000 i 4500 |
| 001 |
in00000029968 |
| 005 |
20230515155152.1 |
| 008 |
750116t19541954pau 000 j eng |
| 010 |
|
|
|a 54005690
|
| 019 |
|
|
|a 7966579
|a 1249704878
|
| 029 |
1 |
|
|a AU@
|b 000026534091
|
| 035 |
|
|
|a (OCoLC)ocm01142714
|
| 035 |
|
|
|a (OCoLC)1142714
|z (OCoLC)7966579
|z (OCoLC)1249704878
|
| 035 |
|
|
|a (OCoLC)ocm01142714
|
| 040 |
|
|
|a DLC
|b eng
|e rda
|c DLC
|d DLC
|d BTCTA
|d CSA
|d OCLCF
|d NUI
|d PJW
|d NAM
|d OCLCQ
|d BGU
|d IPU
|d TXA
|
| 042 |
|
|
|a pcc
|
| 050 |
0 |
0 |
|a PZ3.R9123
|a PR6035.U66
|
| 050 |
|
4 |
|a PR6035.U66
|b D4 1954
|
| 082 |
0 |
4 |
|a [Fic]
|
| 100 |
1 |
|
|a Russell, Eric Frank,
|d 1905-1978,
|e author.
|
| 245 |
1 |
0 |
|a Deep space /
|c Eric Frank Russell.
|
| 250 |
|
|
|a First edition.
|
| 264 |
|
1 |
|a Reading, Pennsylvania :
|b Fantasy Press,
|c [1954]
|
| 264 |
|
4 |
|c ©1954
|
| 300 |
|
|
|a 249 pages ;
|c 20 cm.
|
| 336 |
|
|
|a text
|b txt
|2 rdacontent
|
| 337 |
|
|
|a unmediated
|b n
|2 rdamedia
|
| 338 |
|
|
|a volume
|b nc
|2 rdacarrier
|
| 490 |
1 |
|
|a FP science fiction
|
| 505 |
0 |
|
|a First person singular -- The witness -- Last blast -- Homo saps -- The timid tiger -- A little oil -- Rainbow's end -- The undecided -- Second genesis.
|
| 650 |
|
0 |
|a Life on other planets
|v Fiction.
|
| 650 |
|
0 |
|a Space flights
|v Fiction.
|
| 650 |
|
0 |
|a Human-alien encounters
|v Fiction.
|
| 650 |
|
7 |
|a Science fiction.
|2 fast
|0 (OCoLC)fst01108566
|
| 655 |
|
7 |
|a Science fiction.
|2 fast
|0 (OCoLC)fst01726489
|
| 655 |
|
7 |
|a Science fiction.
|2 gsafd
|
| 655 |
|
7 |
|a Science fiction.
|2 lcgft
|
| 655 |
|
7 |
|a Short stories.
|2 lcgft
|
| 500 |
|
|
|a The Cushing Library/Science Fiction copy donated by Victor W. Horadam.
|
| 776 |
0 |
8 |
|i Online version:
|a Russell, Eric Frank, 1905-
|t Deep space.
|b [1st ed.].
|d Reading, Pa., Fantasy Press [1954]
|w (OCoLC)587154050
|
| 830 |
|
0 |
|a FP science fiction.
|
| 938 |
|
|
|a Baker and Taylor
|b BTCP
|n 54005690
|
| 948 |
|
|
|h HELD BY TXA - 47 OTHER HOLDINGS
|
| 994 |
|
|
|a Z0
|b TXA
|
| 999 |
f |
f |
|s c04ac0b8-b084-310e-84e5-755e3b1de6bd
|i cbedee55-267d-3d49-bec1-6938b63d90f1
|t 0
|
| 952 |
f |
f |
|p noncirc
|a Texas A&M University
|b College Station
|c Cushing Memorial Library & Archives
|d Cushing: Science Fiction (Does not check out)
|t 0
|e PR6035.U66 D4 1954
|h Library of Congress classification
|i unmediated -- volume
|m A1485291296E
|
| 952 |
f |
f |
|p ric
|a Texas A&M University
|b Rellis Campus
|c Joint Library Facility
|d Remote Storage
|t 0
|e PR6035.U66 D4 1954
|h Library of Congress classification
|i unmediated -- volume
|m A14828695842
|
| 998 |
f |
f |
|a PR6035.U66 D4 1954
|t 0
|l Cushing: Science Fiction (Does not check out)
|
| 998 |
f |
f |
|a PR6035.U66 D4 1954
|t 0
|l Remote Storage
|